Normal view
MARC view
Entry Topical Term
001 - CONTROL NUMBER
- control field: 8873
003 - CONTROL NUMBER IDENTIFIER
- control field: BD-RjUL
005 - DATE AND TIME OF LATEST TRANSACTION
- control field: 20230910175501.0
008 - FIXED-LENGTH DATA ELEMENTS
- fixed length control field: 230910|| aca||aabn | a|a d
040 ## - CATALOGING SOURCE
- Original cataloging agency: BD-RjUL
- Transcribing agency: BD-RjUL
150 ## - HEADING--TOPICAL TERM
- Topical term or geographic name entry element: Screening
- Form subdivision: Chemical engineering and related technologies
670 ## - SOURCE DATA FOUND
- Source citation: Work cat.: (BD-RjUL)81883: Rahman, Kazi Zahidur 8872, Screening, characterization and improvement of nutrient rich okra variety for resistance to yellow vein mosaic virus /, 2020